000 01526cam a22004574i 4500
003 PE-LiUPU
005 20250731173530.0
008 150616s1994 xxu r 000 0 eng d
020 _a0805461450
035 _a(Sirsi) i9780805461459
040 _aPE-LiUPU
_bspa
_cPE-LiUPU
_erda
049 _aPRUA
082 0 4 _a254.802
_bH39
_221
100 1 _aHenry, Jack A.,
_eautor.
245 1 0 _aBasic Accounting for Churches.
264 1 _aTennessee :
_bBroadman & Holman Publishers,
_c1994.
300 _a166 páginas ;
_c24 centímetros
336 _atext
_2rdacontent
337 _aunmediated
_2rdamedia
338 _avolume
_2rdacarrier
505 0 _aGetting started -- The single entry bookkeeping system -- Other things to consider -- Practice exercises.
526 _aSEG42
526 _aSEG41
526 _aSEG40
526 _aSEG39
526 _aP94
526 _aP87
526 _aP86
526 _aP85
526 _aP77
526 _aP76
526 _aP35
650 0 4 _aIGLESIA - FINANZAS - COMPENDIOS, MANUALES, ETC.
910 _ajck
_bjvq
_cjck
942 _2ddc
_cBOOK
949 _a254.802 H39
_wDEWEY
_c1
_i42235
_lCCODEBUL1
_mBUL
_r0
_sY
_tBOOK
_u2015-6-16
_xTEOLOGIA
_zUNKNOWN
_0COMPRA
_o.STAFF. Colección Teología
994 _aC0
_bPEPRU
596 _a1
999 _a254.802 H39
_wDEWEY
_c60065
_i42235
_f2021-11-12
_g5
_lCCODEBUL1
_mBUL
_p20.00
_r0
_sY
_tBOOK
_u2015-6-16
_xTEOLOGIA
_PP35
_0COMPRA
_o.STAFF. Colección Teología
_d60065
980 _81
_gALBERTO SANCHEZ Responsable de Automatización